{"text_format":"3","workbook":"xlsx","n_sheets":1,"sheets":["t11"],"read":"whole","date_system":"1900"}

{"sheet":"t11","index":0,"n_rows":156,"n_cols":7,"rows_kept":156,"merged":[[0,0,0,6],[30,0,30,5],[49,0,49,5],[137,0,137,5]]}
["TABELA 11.1 - Estatísticas Agrícolas, Município de Altair, Estado de São Paulo, 2007/08."]
["ITEM","UNIDADE","N.DE UPAs","MÍNIMO","MÉDIO","MÁXIMO","TOTAL"]
["Distância à sede do município","km",217,0.3,{"v":7.91,"d":"7.9"},{"v":20,"d":"20.0"},"-"]
["Área total","hectare",217,1.2,{"v":148.18,"d":"148.2"},{"v":5905,"d":"5,905.0"},{"v":32155.6,"d":"32,155.6"}]
["Área com cultura perene","hectare",80,4.1,{"v":85.34,"d":"85.3"},{"v":1179,"d":"1,179.0"},{"v":6827.3,"d":"6,827.3"}]
["Área com cultura temporária","hectare",95,0.6,{"v":144.36,"d":"144.4"},{"v":3824,"d":"3,824.0"},{"v":13713.8,"d":"13,713.8"}]
["Área com pastagem","hectare",136,0.8,{"v":51.23,"d":"51.2"},{"v":2129.2,"d":"2,129.2"},{"v":6966.7,"d":"6,966.7"}]
["Área com reflorestamento","hectare",2,0.6,3.4,6.2,6.8]
["Área com vegetação natural","hectare",135,0.2,{"v":27.16,"d":"27.2"},{"v":1460,"d":"1,460.0"},{"v":3666.5,"d":"3,666.5"}]
["Área com vegetação de brejo e várzea","hectare",82,0.2,{"v":1,"d":"1.0"},{"v":7,"d":"7.0"},82.3]
["Área em descanso","hectare",7,0.6,14.4,45.8,100.8]
["Área complementar","hectare",148,0.1,{"v":5.35,"d":"5.4"},{"v":554,"d":"554.0"},791.4]
["Área das UPAs com (0, 1] ha","hectare","-","-","-","-","-"]
["Área das UPAs com (1, 2] ha","hectare",1,1.2,1.2,1.2,1.2]
["Área das UPAs com (2, 5] ha","hectare",7,{"v":3,"d":"3.0"},{"v":3.84,"d":"3.8"},4.8,26.9]
["Área das UPAs com (5, 10] ha","hectare",26,{"v":6,"d":"6.0"},{"v":8.52,"d":"8.5"},9.9,221.5]
["Área das UPAs com (10, 20] ha","hectare",43,10.9,{"v":15.62,"d":"15.6"},{"v":20,"d":"20.0"},671.5]
["Área das UPAs com (20, 50] ha","hectare",69,20.1,{"v":33.01,"d":"33.0"},49.5,{"v":2278,"d":"2,278.0"}]
["Área das UPAs com (50, 100] ha","hectare",28,50.3,{"v":72.97,"d":"73.0"},99.3,{"v":2043.1,"d":"2,043.1"}]
["Área das UPAs com (100, 200] ha","hectare",16,100.5,{"v":137.81,"d":"137.8"},190.2,{"v":2205,"d":"2,205.0"}]
["Área das UPAs com (200, 500] ha","hectare",12,203.6,{"v":272.78,"d":"272.8"},{"v":484,"d":"484.0"},{"v":3273.3,"d":"3,273.3"}]
["Área das UPAs com (500, 1.000] ha","hectare",8,512.8,{"v":703.54,"d":"703.5"},897.5,{"v":5628.3,"d":"5,628.3"}]
["Área das UPAs com (1.000, 2.000] ha","hectare",4,{"v":1047,"d":"1,047.0"},{"v":1251.08,"d":"1,251.1"},{"v":1487.6,"d":"1,487.6"},{"v":5004.3,"d":"5,004.3"}]
["Área das UPAs com (2.000, 5.000] ha","hectare",2,{"v":2202.2,"d":"2,202.2"},{"v":2448.75,"d":"2,448.8"},{"v":2695.3,"d":"2,695.3"},{"v":4897.5,"d":"4,897.5"}]
["Área das UPAs com (5.000, 10.000] ha","hectare",1,{"v":5905,"d":"5,905.0"},{"v":5905,"d":"5,905.0"},{"v":5905,"d":"5,905.0"},{"v":5905,"d":"5,905.0"}]
["Área das UPAs acima de 10.000 ha","hectare","-","-","-","-","-"]
["Familiares do proprietário que trabalham na UPA","unidade",132,{"v":1,"d":"1.0"},{"v":1.49,"d":"1.5"},{"v":6,"d":"6.0"},{"v":197,"d":"197.0"}]
["Trabalhadores permanentes","unidade",85,{"v":1,"d":"1.0"},{"v":4.54,"d":"4.5"},{"v":105,"d":"105.0"},{"v":386,"d":"386.0"}]
["Fonte: Secretaria de Agricultura e Abastecimento, CDRS/IEA, Projeto LUPA."]
[]
["TABELA 11.2 - Explorações Animais, Município de Altair, Estado de São Paulo, 2007/08."]
["ITEM","UNIDADE","N.DE UPAs","MÍNIMO","MÉDIO","MÁXIMO","TOTAL"]
["Asininos E Muares","cabeças",2,{"v":2,"d":"2.0"},4.5,{"v":7,"d":"7.0"},{"v":9,"d":"9.0"}]
["Avicultura de Corte","cabeças/ano",1,{"v":40,"d":"40.0"},{"v":40,"d":"40.0"},{"v":40,"d":"40.0"},{"v":40,"d":"40.0"}]
["Avicultura Ornamental/Decorativa/Exótica","cabeças",18,{"v":4,"d":"4.0"},{"v":25.22,"d":"25.2"},{"v":130,"d":"130.0"},{"v":454,"d":"454.0"}]
["Avicultura para Ovos","cabeças",53,{"v":1,"d":"1.0"},{"v":61.04,"d":"61.0"},{"v":500,"d":"500.0"},{"v":3235,"d":"3,235.0"}]
["Bovinocultura de Corte","cabeças",7,{"v":9,"d":"9.0"},{"v":589.57,"d":"589.6"},{"v":2000,"d":"2,000.0"},{"v":4127,"d":"4,127.0"}]
["Bovinocultura Leiteira","cabeças",1,{"v":67,"d":"67.0"},{"v":67,"d":"67.0"},{"v":67,"d":"67.0"},{"v":67,"d":"67.0"}]
["Bovinocultura Mista","cabeças",91,{"v":3,"d":"3.0"},{"v":79.37,"d":"79.4"},{"v":3059,"d":"3,059.0"},{"v":7223,"d":"7,223.0"}]
["Caprinocultura","cabeças",3,{"v":4,"d":"4.0"},{"v":10.33,"d":"10.3"},{"v":15,"d":"15.0"},{"v":31,"d":"31.0"}]
["Carcinocultura","pós-larvas",1,{"v":5,"d":"5.0"},{"v":5,"d":"5.0"},{"v":5,"d":"5.0"},{"v":5,"d":"5.0"}]
["Equinocultura","cabeças",53,{"v":1,"d":"1.0"},{"v":5.68,"d":"5.7"},{"v":68,"d":"68.0"},{"v":301,"d":"301.0"}]
["Outra Exploração Animal","cabeças",3,{"v":20,"d":"20.0"},{"v":95,"d":"95.0"},{"v":200,"d":"200.0"},{"v":285,"d":"285.0"}]
["Ovinocultura","cabeças",14,{"v":1,"d":"1.0"},{"v":20.86,"d":"20.9"},{"v":103,"d":"103.0"},{"v":292,"d":"292.0"}]
["Piscicultura","m² tanques",1,{"v":12000,"d":"12,000.0"},{"v":12000,"d":"12,000.0"},{"v":12000,"d":"12,000.0"},{"v":12000,"d":"12,000.0"}]
["Sericicultura","gramas larvas/ano",1,{"v":20,"d":"20.0"},{"v":20,"d":"20.0"},{"v":20,"d":"20.0"},{"v":20,"d":"20.0"}]
["Suinocultura","cabeças",37,{"v":1,"d":"1.0"},{"v":18.59,"d":"18.6"},{"v":102,"d":"102.0"},{"v":688,"d":"688.0"}]
["Fonte: Secretaria de Agricultura e Abastecimento, CDRS/IEA, Projeto LUPA."]
[]
["TABELA 11.3 -  Máquinas, Implementos e Benfeitorias, Município de Altair, Estado de São Paulo, 2007/08."]
["ITEM","UNIDADE","N.DE UPAs","MÍNIMO","MÉDIO","MÁXIMO","TOTAL"]
["Arado Comum (Bacia, Aiveca)","Unidade",37,{"v":1,"d":"1.0"},{"v":1.14,"d":"1.1"},{"v":3,"d":"3.0"},{"v":42,"d":"42.0"}]
["Arado Escarificador","Unidade",3,{"v":1,"d":"1.0"},{"v":1.67,"d":"1.7"},{"v":2,"d":"2.0"},{"v":5,"d":"5.0"}]
["Arado Subsolador","Unidade",3,{"v":1,"d":"1.0"},{"v":1,"d":"1.0"},{"v":1,"d":"1.0"},{"v":3,"d":"3.0"}]
["Conj.Irrigação Convencional","Unidade",1,{"v":1,"d":"1.0"},{"v":1,"d":"1.0"},{"v":1,"d":"1.0"},{"v":1,"d":"1.0"}]
["Conj.Irrigação/Gotejamento/Microaspersão","Unidade",6,{"v":1,"d":"1.0"},1.5,{"v":4,"d":"4.0"},{"v":9,"d":"9.0"}]
["Desintegrador, Picador, Triturador","Unidade",38,{"v":1,"d":"1.0"},{"v":1.05,"d":"1.1"},{"v":3,"d":"3.0"},{"v":40,"d":"40.0"}]
["Distribuidor de Calcário","Unidade",24,{"v":1,"d":"1.0"},{"v":1.17,"d":"1.2"},{"v":3,"d":"3.0"},{"v":28,"d":"28.0"}]
["Ensiladeira","Unidade",5,{"v":1,"d":"1.0"},1.2,{"v":2,"d":"2.0"},{"v":6,"d":"6.0"}]
["Grade Aradora (Tipo Romi)","Unidade",25,{"v":1,"d":"1.0"},{"v":1.36,"d":"1.4"},{"v":6,"d":"6.0"},{"v":34,"d":"34.0"}]
["Grade Niveladora","Unidade",51,{"v":1,"d":"1.0"},{"v":1.71,"d":"1.7"},{"v":4,"d":"4.0"},{"v":87,"d":"87.0"}]
["Implementos para Tração Animal","Unidade",19,{"v":1,"d":"1.0"},{"v":1.16,"d":"1.2"},{"v":3,"d":"3.0"},{"v":22,"d":"22.0"}]
["Misturador de Ração","Unidade",2,{"v":1,"d":"1.0"},{"v":1,"d":"1.0"},{"v":1,"d":"1.0"},{"v":2,"d":"2.0"}]
["Ordenhadeira Mecânica","Unidade",1,{"v":1,"d":"1.0"},{"v":1,"d":"1.0"},{"v":1,"d":"1.0"},{"v":1,"d":"1.0"}]
["Pulverizador Tratorizado","Unidade",53,{"v":1,"d":"1.0"},{"v":2.64,"d":"2.6"},{"v":16,"d":"16.0"},{"v":140,"d":"140.0"}]
["Resfriador de Leite, Tanque Expansão","Unidade",3,{"v":1,"d":"1.0"},{"v":1,"d":"1.0"},{"v":1,"d":"1.0"},{"v":3,"d":"3.0"}]
["Semeadeira/Adubadeira para Plantio Convencional","Unidade",13,{"v":1,"d":"1.0"},{"v":1,"d":"1.0"},{"v":1,"d":"1.0"},{"v":13,"d":"13.0"}]
["Semeadeira/Plantadeira Plantio Direto","Unidade",1,{"v":2,"d":"2.0"},{"v":2,"d":"2.0"},{"v":2,"d":"2.0"},{"v":2,"d":"2.0"}]
["Terraceador","Unidade",4,{"v":1,"d":"1.0"},{"v":1.25,"d":"1.3"},{"v":2,"d":"2.0"},{"v":5,"d":"5.0"}]
["Trator de Pneus","Unidade",66,{"v":1,"d":"1.0"},2.7,{"v":20,"d":"20.0"},{"v":178,"d":"178.0"}]
["Açude/Represa","Unidade",44,{"v":1,"d":"1.0"},{"v":2.34,"d":"2.3"},{"v":12,"d":"12.0"},{"v":103,"d":"103.0"}]
["Almoxarifado/Oficina","Unidade",18,{"v":1,"d":"1.0"},{"v":1.06,"d":"1.1"},{"v":2,"d":"2.0"},{"v":19,"d":"19.0"}]
["Balança para Bovinos","Unidade",4,{"v":1,"d":"1.0"},{"v":1,"d":"1.0"},{"v":1,"d":"1.0"},{"v":4,"d":"4.0"}]
["Barracão para Bicho da Seda/Sirgaria","Unidade",1,{"v":1,"d":"1.0"},{"v":1,"d":"1.0"},{"v":1,"d":"1.0"},{"v":1,"d":"1.0"}]
["Barracão para Granja/Avicultura","Unidade",1,{"v":1,"d":"1.0"},{"v":1,"d":"1.0"},{"v":1,"d":"1.0"},{"v":1,"d":"1.0"}]
["Barracão/Galpão/Garagem","Unidade",79,{"v":1,"d":"1.0"},{"v":1.18,"d":"1.2"},{"v":3,"d":"3.0"},{"v":93,"d":"93.0"}]
["Casa de Moradia Habitada","Unidade",110,{"v":1,"d":"1.0"},{"v":2.05,"d":"2.1"},{"v":31,"d":"31.0"},{"v":226,"d":"226.0"}]
["Casa de Moradia Total","Unidade",137,{"v":1,"d":"1.0"},{"v":2.32,"d":"2.3"},{"v":33,"d":"33.0"},{"v":318,"d":"318.0"}]
["Curral/Mangueira","Unidade",97,{"v":1,"d":"1.0"},{"v":1.06,"d":"1.1"},{"v":3,"d":"3.0"},{"v":103,"d":"103.0"}]
["Depósito/Tulha","Unidade",81,{"v":1,"d":"1.0"},{"v":1.37,"d":"1.4"},{"v":8,"d":"8.0"},{"v":111,"d":"111.0"}]
["Estábulo","Unidade",1,{"v":1,"d":"1.0"},{"v":1,"d":"1.0"},{"v":1,"d":"1.0"},{"v":1,"d":"1.0"}]
["Máquina de Benefício","Unidade",1,{"v":1,"d":"1.0"},{"v":1,"d":"1.0"},{"v":1,"d":"1.0"},{"v":1,"d":"1.0"}]
["Pocilga","Unidade",48,{"v":1,"d":"1.0"},1.1,{"v":4,"d":"4.0"},{"v":53,"d":"53.0"}]
["Poço Semi-Artesiano","Unidade",81,{"v":1,"d":"1.0"},{"v":1.11,"d":"1.1"},{"v":4,"d":"4.0"},{"v":90,"d":"90.0"}]
["Posto Meteorológico","Unidade",5,{"v":1,"d":"1.0"},{"v":1,"d":"1.0"},{"v":1,"d":"1.0"},{"v":5,"d":"5.0"}]
["Silo para Silagem","t",5,{"v":2,"d":"2.0"},81.2,{"v":250,"d":"250.0"},{"v":406,"d":"406.0"}]
["Fonte: Secretaria de Agricultura e Abastecimento, CDRS/IEA, Projeto LUPA."]
[]
["TABELA 11.4 - Outras Estatísticas Agrícolas, Município de Altair, Estado de São Paulo, 2007/08."]
["ITEM","Número de UPAs",null,"Percentual"]
["Faz Parte de Associação de Produtores",26,null,{"v":11.981566820276498,"d":"12.0"}]
["Faz Parte de Cooperativa de Produtores",44,null,{"v":20.276497695852534,"d":"20.3"}]
["Faz Parte do Sindicato de Produtores",14,null,{"v":6.451612903225807,"d":"6.5"}]
["Não utiliza assistência técnica ",108,null,{"v":49.76958525345622,"d":"49.8"}]
["Utiliza somente assistência técnica governamental ",45,null,{"v":20.737327188940093,"d":"20.7"}]
["Utiliza somente assistência técnica privada ",43,null,{"v":19.81566820276498,"d":"19.8"}]
["Utiliza assistência técnica tanto governamental quanto privada",21,null,{"v":9.67741935483871,"d":"9.7"}]
["Utiliza Crédito Rural",12,null,{"v":5.529953917050691,"d":"5.5"}]
["Utiliza Seguro Rural",4,null,{"v":1.8433179723502304,"d":"1.8"}]
["Utiliza Escrituração Agrícola",203,null,{"v":93.54838709677419,"d":"93.5"}]
["Acessa Internet p/ Fins na Agropecuária",11,null,{"v":5.0691244239631335,"d":"5.1"}]
["Utiliza Computador nas Atividades Agropecuárias",6,null,{"v":2.7649769585253456,"d":"2.8"}]
["Utiliza Energia Elétrica Para Uso na Atividade Agrícola",142,null,{"v":65.43778801843318,"d":"65.4"}]
["Realiza Análise de Solo, quando necessário",64,null,{"v":29.493087557603683,"d":"29.5"}]
["Utiliza Práticas de Conservação de Solo, quando necessário",143,null,{"v":65.89861751152073,"d":"65.9"}]
["Faz Adubação Mineral, quando necessário",134,null,{"v":61.75115207373272,"d":"61.8"}]
["Faz Adubação Orgânica, quando necessário",12,null,{"v":5.529953917050691,"d":"5.5"}]
["Faz Adubação Verde, quando necessário",4,null,{"v":1.8433179723502304,"d":"1.8"}]
["Utiliza Manejo Integrado de Pragas (MIP)",9,null,{"v":4.147465437788019,"d":"4.1"}]
["Utiliza Hidroponia","-",null,"-"]
["Utiliza Plasticultura",1,null,{"v":0.4608294930875576,"d":"0.5"}]
["Utiliza Mudas Fiscalizadas",8,null,{"v":3.686635944700461,"d":"3.7"}]
["Utiliza Semente Melhorada",1,null,{"v":0.4608294930875576,"d":"0.5"}]
["Faz Confinamento de Bovinos",4,null,{"v":1.8433179723502304,"d":"1.8"}]
["Utiliza Pastejo Intensivo",35,null,{"v":16.129032258064516,"d":"16.1"}]
["Faz Inseminação Artificial",1,null,{"v":0.4608294930875576,"d":"0.5"}]
["Faz Mineralização do Rebanho",94,null,{"v":43.31797235023041,"d":"43.3"}]
["Faz Vermifugação do Rebanho",96,null,{"v":44.23963133640553,"d":"44.2"}]
["Possui Parceiros /Arrendatários na Exploração Animal",33,null,{"v":15.2073732718894,"d":"15.2"}]
["Esporte e lazer","-",null,"-"]
["Extração mineral","-",null,"-"]
["Hotel Fazenda, Pousada ou SPA","-",null,"-"]
["Pesque-pague","-",null,"-"]
["Restaurante ou Lanchonete","-",null,"-"]
["Transformação artesanal","-",null,"-"]
["Turismo rural ou ecoturismo","-",null,"-"]
["Outras atividades econômicas rurais","-",null,"-"]
["Agroindústria","-",null,"-"]
["Proprietário sem instrução ou com instrução incompleta",9,null,{"v":4.147465437788019,"d":"4.1"}]
["Proprietário com antigo primário completo",78,null,{"v":35.944700460829495,"d":"35.9"}]
["Proprietário com 1° grau (ou antigo ginasial) completo",24,null,{"v":11.059907834101383,"d":"11.1"}]
["Proprietário com 2° grau (ou antigo colegial) completo",51,null,{"v":23.502304147465438,"d":"23.5"}]
["Proprietário com curso superior completo ",47,null,{"v":21.658986175115206,"d":"21.7"}]
["Pessoa Jurídica",8,null,{"v":3.686635944700461,"d":"3.7"}]
["Proprietário residente na própria UPA ",23,null,{"v":10.599078341013826,"d":"10.6"}]
["Fonte: Secretaria de Agricultura e Abastecimento, CDRS/IEA, Projeto LUPA."]
[]
["TABELA 11.5 - Área Cultivada, Município de Altair, Estado de São Paulo, 2007/08."]
["CULTURA","N.DE UPAs","MÍNIMO","MÉDIO","MÁXIMO","TOTAL"]
["Cana-de-acucar",87,0.6,{"v":155.24,"d":"155.2"},{"v":3824,"d":"3,824.0"},{"v":13506.2,"d":"13,506.2"}]
["Braquiaria",130,0.8,{"v":51.89,"d":"51.9"},{"v":2129.2,"d":"2,129.2"},{"v":6745.2,"d":"6,745.2"}]
["Laranja",77,4.1,{"v":86.03,"d":"86.0"},{"v":1048.3,"d":"1,048.3"},{"v":6624.2,"d":"6,624.2"}]
["Coloniao",1,193.6,193.6,193.6,193.6]
["Seringueira",5,1.5,{"v":37.26,"d":"37.3"},130.7,186.3]
["Milho",7,1.5,{"v":26.43,"d":"26.4"},62.3,{"v":185,"d":"185.0"}]
["Gramas",4,2.3,{"v":5.13,"d":"5.1"},9.7,20.5]
["Soja",1,19.4,19.4,19.4,19.4]
["Cafe",1,{"v":9,"d":"9.0"},{"v":9,"d":"9.0"},{"v":9,"d":"9.0"},{"v":9,"d":"9.0"}]
["Outras gramineas para pastagem",3,{"v":1,"d":"1.0"},{"v":2.27,"d":"2.3"},4.8,6.8]
["Eucalipto",2,0.6,3.4,6.2,6.8]
["Manga",1,4.8,4.8,4.8,4.8]
["Palmito",1,3.6,3.6,3.6,3.6]
["Tangerina",2,0.3,{"v":1.35,"d":"1.4"},2.4,2.7]
["Capim-napier (ou capim-elefante)",1,0.6,0.6,0.6,0.6]
["Limao",1,0.3,0.3,0.3,0.3]
["Fonte: Secretaria de Agricultura e Abastecimento, CDRS/IEA, Projeto LUPA."]